[Event "FIDE Online Olympiad Div 2 Pool A 2020"]
[Site "Online"]
[Date "2020.08.15"]
[Round "3"]
[White "Schulze, Lara"]
[Black "Frayna, Janelle Mae"]
[Result "1-0"]
[WhiteElo "2110"]
[BlackElo "2025"]
[Annotator "broadcasts"]
[PlyCount "57"]
[EventDate "2020.08.14"]
[EventType "team-tourn"]
[TimeControl "900+5"]

1. e4 {[%emt 0:00:02]} Nf6 {[%emt 0:00:07]} 2. e5 {[%emt 0:00:02]} Nd5 {[%emt 0:00:01]} 3. d4 {[%emt 0:00:00]} d6 {[%emt 0:00:01]} 4. Nf3 {[%emt 0:00:01]} g6 {[%emt 0:00:02]} 5. Bc4 {[%emt 0:00:18]} Nb6 {[%emt 0:00:04]} 6. Bb3 {[%emt 0:00:02]} Bg7 {[%emt 0:00:02]} 7. O-O {[%emt 0:00:06]} O-O {[%emt 0:00:01]} 8. a4 {[%emt 0:00:02]} a5 {[%emt 0:00:19]} 9. Nc3 {[%emt 0:00:08]} Nc6 {[%emt 0:00:05]} 10. exd6 {[%emt 0:02:20]} cxd6 {[%emt 0:00:32]} 11. h3 {[%emt 0:00:26]} Bf5 {[%emt 0:00:53]} 12. Re1 {[%emt 0:01:05]} e5 {[%emt 0:01:25]} 13. Bg5 {[%emt 0:00:35]} Qc8 {[%emt 0:00:54]} 14. Nb5 {[%emt 0:00:33]} Nxd4 {[%emt 0:01:46]} 15. Nfxd4 {[%emt 0:00:15]} exd4 {[%emt 0:00:03]} 16. Be7 {[%emt 0:01:26]} d5 {[%emt 0:02:20]} 17. Bxf8 {[%emt 0:01:03]} Qxf8 {[%emt 0:00:08]} 18. Nxd4 {[%emt 0:00:25]} Bd7 {[%emt 0:00:04]} 19. c3 {[%emt 0:00:12]} h5 {[%emt 0:00:41]} 20. Qf3 {[%emt 0:00:20]} Qc5 {[%emt 0:00:15]} 21. Qd3 {[%emt 0:03:41]} Rd8 {[%emt 0:00:14]} 22. Bc2 {[%emt 0:01:20]} Qd6 {[%emt 0:00:49]} 23. Nb5 {[%emt 0:00:21]} Qf8 {[%emt 0:00:22]} 24. Bb3 {[%emt 0:00:18]} Bc6 {[%emt 0:00:36]} 25. Rad1 {[%emt 0:00:37]} Nd7 {[%emt 0:00:35]} 26. Bxd5 {[%emt 0:00:44]} Ne5 {[%emt 0:01:49]} 27. Rxe5 {[%emt 0:00:15]} Bxe5 {[%emt 0:00:03]} 28. Qxg6+ {[%emt 0:00:19]} Bg7 {[%emt 0:02:45]} 29. Bxf7+ {[%emt 0:00:06]} 1-0

[Event "FIDE Online Olympiad Div 2 Pool A 2020"]
[Site "Online"]
[Date "2020.08.15"]
[Round "3"]
[White "Vogel, Roven"]
[Black "Quizon, Daniel"]
[Result "0-1"]
[WhiteElo "2034"]
[BlackElo "2115"]
[Annotator "TA"]
[PlyCount "102"]
[EventDate "2020.08.14"]
[EventType "team-tourn"]

{[%evp 20,101,38,6,77,75,84,54,86,107,170,153,175,174,183,175,217,212,216,207,191,173,166,166,168,174,162,115,139,133,145,160,133,143,181,139,147,131,128,117,124,129,137,0,0,-6,-6,-7,0,0,14,-5,0,0,0,0,0,-2,0,-6,0,0,0,0,0,0,88,81,130,79,110,76,68,13,19,33,45,31,86,8,8,-29978,-29977,-29999]} 1. d4 Nf6 2. c4 g6 3. Nc3 Bg7 4. e4 d6 5. Nf3 O-O 6. Be2 e5 7. O-O exd4 8. Nxd4 Nc6 9. Be3 Re8 10. f3 Nh5 11. Nc2 Nf6 {E94: King's Indian: Classical: 6 Be2 e5 7 0-0: Various Black 7th moves.} (11... Be5 $11) 12. Qd2 $16 {[#]} Be6 $146 ({Predecessor:} 12... a6 13. Bh6 Bxh6 14. Qxh6 b6 15. Rad1 Bb7 16. g4 Kh8 17. Qd2 a5 18. g5 Nd7 {1-0 (33) Laffranchise,L (2403)-Figlio,G (2475) ICCF email 2015}) 13. Rad1 Ne5 {White is slightly better.} 14. b3 Qc8 {[#]} (14... a6 $16 {was worth a try.}) 15. Bh6 $1 $18 Bd7 16. Bxg7 Kxg7 {[#]} 17. c5 $1 {[%mdl 512]} Nc6 (17... dxc5 18. f4) 18. cxd6 cxd6 19. Nb5 ({Don't play} 19. Qxd6 $6 Be6) 19... Rd8 20. Nxd6 Qc7 21. Qf4 {aiming for Nf5+!} Qb6+ 22. Kh1 {Strongly threatening e5.} Be6 23. Qe3 Qc7 24. Nb5 Qe7 25. Ncd4 Nxd4 26. Nxd4 a6 27. Rd2 Rac8 28. Rfd1 Re8 29. Nxe6+ Qxe6 30. Bc4 Qe7 31. e5 (31. a4 $16) 31... Qxe5 $11 32. Qf2 b5 33. Bf1 Qf4 34. Rd4 Qc7 35. Rd6 Rcd8 36. Qd4 Rxd6 37. Qxd6 Qc2 38. Qd2 $36 {[%mdl 2048] White has some pressure.} Qc7 39. a4 bxa4 40. bxa4 Re6 41. Qd4 Qe7 42. Qc3 Re5 (42... Re3 $11 43. Qd2 Ra3) 43. Bxa6 $16 Re3 44. Qd2 (44. Bd3 $142) 44... Qe5 45. Bf1 Ra3 46. Bb5 (46. Qb4 $14 Ra2 47. Rd8) 46... Nd5 $11 47. h3 Ne3 48. Re1 h5 ({Black should play} 48... Ra1 $14 49. Rxa1 Qxa1+ 50. Kh2 Qe5+ 51. Kg1 h5) 49. Bd3 ({Better is} 49. Qb4 $16 Qg5 50. Qb2+ (50. Bf1 Qg3 $16) 50... Kh7 51. Rc1) 49... Ra1 {And now ...Ng4 would win.} 50. Be4 $2 {[%mdl 8192]} (50. Bb1 $11) 50... Nf1 {[%csl Gf1][%cal Re5h2]} 51. Qf2 Qh2# {Accuracy: White = 72%, Black = 75%.} 0-1

[Event "FIDE Online Olympiad Div 2 Pool A 2020"]
[Site "Online"]
[Date "2020.08.15"]
[Round "3"]
[White "Mordido, Kylen Joy"]
[Black "Muetsch, Annmarie"]
[Result "0-1"]
[WhiteElo "1980"]
[BlackElo "2298"]
[Annotator "broadcasts"]
[PlyCount "82"]
[EventDate "2020.08.14"]
[EventType "team-tourn"]
[TimeControl "900+5"]

1. c4 {[%emt 0:00:05]} Nf6 {[%emt 0:00:03]} 2. d4 {[%emt 0:00:05]} g6 {[%emt 0:00:02]} 3. Nc3 {[%emt 0:00:05]} Bg7 {[%emt 0:00:01]} 4. e4 {[%emt 0:00:02]} d6 {[%emt 0:00:02]} 5. f3 {[%emt 0:00:03]} O-O {[%emt 0:00:02]} 6. Bg5 {[%emt 0:00:04]} c5 {[%emt 0:00:01]} 7. d5 {[%emt 0:00:04]} e6 {[%emt 0:00:04]} 8. Qd2 {[%emt 0:00:13]} exd5 {[%emt 0:00:27]} 9. cxd5 {[%emt 0:00:04]} h6 {[%emt 0:03:29]} 10. Be3 {[%emt 0:00:07]} a6 {[%emt 0:00:15]} 11. a4 {[%emt 0:00:03]} Nbd7 {[%emt 0:00:18]} 12. Nh3 {[%emt 0:00:06]} Ne5 {[%emt 0:00:54]} 13. Nf2 {[%emt 0:00:03]} Kh7 {[%emt 0:00:24]} 14. Be2 {[%emt 0:00:08]} b6 {[%emt 0:00:52]} 15. O-O {[%emt 0:00:16]} Rb8 {[%emt 0:00:16]} 16. h3 {[%emt 0:01:02]} Ne8 {[%emt 0:02:26]} 17. Qc2 {[%emt 0:00:59]} f5 {[%emt 0:00:25]} 18. f4 {[%emt 0:00:12]} Nf7 {[%emt 0:00:09]} 19. Bd3 {[%emt 0:00:15]} Qf6 {[%emt 0:00:21]} 20. Rae1 {[%emt 0:00:47]} Nc7 {[%emt 0:00:11]} 21. exf5 {[%emt 0:01:51]} gxf5 {[%emt 0:00:24]} 22. Ng4 {[%emt 0:02:24]} Qg6 {[%emt 0:00:20]} 23. Bf2 {[%emt 0:00:09]} h5 {[%emt 0:00:26]} 24. Nh2 {[%emt 0:00:47]} Bf6 {[%emt 0:01:00]} 25. Nf3 {[%emt 0:00:05]} Rg8 {[%emt 0:00:37]} 26. Bh4 {[%emt 0:00:19]} b5 {[%emt 0:00:26]} 27. Re6 {[%emt 0:01:38]} Bxe6 {[%emt 0:00:46]} 28. dxe6 {[%emt 0:00:02]} Nh6 {[%emt 0:00:03]} 29. Ng5+ {[%emt 0:01:59]} Bxg5 {[%emt 0:00:58]} 30. fxg5 {[%emt 0:00:39]} c4 {[%emt 0:00:01]} 31. Be2 {[%emt 0:01:14]} Nxe6 {[%emt 0:00:03]} 32. Ne4 {[%emt 0:01:39]} Nd4 {[%emt 0:00:56]} 33. Qd1 {[%emt 0:00:02]} Nxe2+ {[%emt 0:00:03]} 34. Qxe2 {[%emt 0:00:01]} Rbe8 {[%emt 0:00:24]} 35. gxh6 {[%emt 0:00:05]} Rxe4 {[%emt 0:00:03]} 36. Qf2 {[%emt 0:00:02]} Rxh4 {[%emt 0:00:06]} 37. Kh2 {[%emt 0:00:10]} Rf4 {[%emt 0:00:07]} 38. Qa7+ {[%emt 0:00:03]} Kh8 {[%emt 0:00:13]} 39. Qg7+ {[%emt 0:00:03]} Rxg7 {[%emt 0:00:03]} 40. hxg7+ {[%emt 0:00:02]} Qxg7 {[%emt 0:00:04]} 41. Rxf4 {[%emt 0:00:01]} Qe5 {[%emt 0:00:01]} 0-1

[Event "FIDE Online Olympiad Div 2 Pool A 2020"]
[Site "Online"]
[Date "2020.08.15"]
[Round "3"]
[White "Fronda, Jan Jodilyn"]
[Black "Osmanodja, Filiz"]
[Result "0-1"]
[WhiteElo "1850"]
[BlackElo "2286"]
[Annotator "broadcasts"]
[PlyCount "94"]
[EventDate "2020.08.14"]
[EventType "team-tourn"]
[TimeControl "900+5"]

1. e4 {[%emt 0:00:02]} c5 {[%emt 0:00:09]} 2. Nf3 {[%emt 0:00:04]} Nc6 {[%emt 0:00:04]} 3. Bb5 {[%emt 0:00:05]} d6 {[%emt 0:00:02]} 4. d4 {[%emt 0:00:31]} cxd4 {[%emt 0:00:25]} 5. Qxd4 {[%emt 0:00:05]} Bd7 {[%emt 0:00:05]} 6. Bxc6 {[%emt 0:00:02]} Bxc6 {[%emt 0:00:00]} 7. Nc3 {[%emt 0:00:00]} Nf6 {[%emt 0:00:08]} 8. Bg5 {[%emt 0:00:01]} e6 {[%emt 0:00:01]} 9. O-O-O {[%emt 0:00:02]} Be7 {[%emt 0:00:06]} 10. e5 {[%emt 0:00:01]} dxe5 {[%emt 0:01:13]} 11. Qxe5 {[%emt 0:00:01]} Qb8 {[%emt 0:00:42]} 12. Qxb8+ {[%emt 0:00:04]} Rxb8 {[%emt 0:00:00]} 13. Ne5 {[%emt 0:00:00]} Bxg2 {[%emt 0:00:52]} 14. Rhg1 {[%emt 0:00:02]} Bc6 {[%emt 0:00:27]} 15. Be3 {[%emt 0:00:02]} O-O {[%emt 0:01:25]} 16. Bxa7 {[%emt 0:00:39]} Ra8 {[%emt 0:00:05]} 17. Bd4 {[%emt 0:02:34]} g6 {[%emt 0:00:49]} 18. Kb1 {[%emt 0:00:52]} Be8 {[%emt 0:01:56]} 19. Be3 {[%emt 0:00:40]} Ra5 {[%emt 0:00:53]} 20. Nc4 {[%emt 0:02:15]} Rh5 {[%emt 0:00:04]} 21. Bf4 {[%emt 0:00:18]} Rh4 {[%emt 0:00:55]} 22. Bd6 {[%emt 0:00:02]} Bxd6 {[%emt 0:00:03]} 23. Nxd6 {[%emt 0:00:01]} Bc6 {[%emt 0:00:06]} 24. a3 {[%emt 0:01:11]} Rxh2 {[%emt 0:00:04]} 25. Rd2 {[%emt 0:00:40]} h5 {[%emt 0:00:18]} 26. b4 {[%emt 0:00:01]} h4 {[%emt 0:00:08]} 27. b5 {[%emt 0:00:07]} Bf3 {[%emt 0:00:09]} 28. Rd4 {[%emt 0:03:25]} e5 {[%emt 0:01:46]} 29. Rc4 {[%emt 0:00:42]} h3 {[%emt 0:00:52]} 30. Rh4 {[%emt 0:00:48]} Rd8 {[%emt 0:00:27]} 31. Nc4 {[%emt 0:01:51]} Rd4 {[%emt 0:00:17]} 32. Nxe5 {[%emt 0:00:10]} Rxh4 {[%emt 0:00:14]} 33. Nxf3 {[%emt 0:00:01]} Rg2 {[%emt 0:00:13]} 34. Rh1 {[%emt 0:00:18]} h2 {[%emt 0:00:06]} 35. Kb2 {[%emt 0:00:07]} Rh3 {[%emt 0:00:10]} 36. Nxh2 {[%emt 0:00:04]} Rhxh2 {[%emt 0:00:07]} 37. Rc1 {[%emt 0:00:01]} Rxf2 {[%emt 0:00:04]} 38. a4 {[%emt 0:00:01]} Rf4 {[%emt 0:00:03]} 39. Kb3 {[%emt 0:00:02]} Rh3 {[%emt 0:00:02]} 40. Rd1 {[%emt 0:00:10]} Rff3 {[%emt 0:00:07]} 41. Rd3 {[%emt 0:00:02]} Rxd3 {[%emt 0:00:02]} 42. cxd3 {[%emt 0:00:00]} Rxd3 {[%emt 0:00:01]} 43. a5 {[%emt 0:00:00]} Ne4 {[%emt 0:00:02]} 44. Kc4 {[%emt 0:00:06]} Rxc3+ {[%emt 0:00:01]} 45. Kd4 {[%emt 0:00:01]} f5 {[%emt 0:00:02]} 46. a6 {[%emt 0:00:02]} bxa6 {[%emt 0:00:02]} 47. bxa6 {[%emt 0:00:01]} Ra3 {[%emt 0:00:01]} 0-1

[Event "FIDE Online Olympiad Div 2 Pool A 2020"]
[Site "Online"]
[Date "2020.08.15"]
[Round "4"]
[White "Bluebaum, Matthias"]
[Black "Firman Syah, Farid"]
[Result "1-0"]
[WhiteElo "2562"]
[BlackElo "2283"]
[Annotator "broadcasts"]
[PlyCount "63"]
[EventDate "2020.08.14"]
[EventType "team-tourn"]
[TimeControl "900+5"]

1. d4 {[%emt 0:00:02]} Nf6 {[%emt 0:00:02]} 2. c4 {[%emt 0:00:02]} e6 {[%emt 0:00:02]} 3. Nc3 {[%emt 0:00:03]} Bb4 {[%emt 0:00:02]} 4. e3 {[%emt 0:00:01]} d5 {[%emt 0:00:07]} 5. Bd2 {[%emt 0:00:03]} O-O {[%emt 0:00:05]} 6. Nf3 {[%emt 0:00:01]} b6 {[%emt 0:00:31]} 7. cxd5 {[%emt 0:00:02]} exd5 {[%emt 0:00:03]} 8. Bd3 {[%emt 0:00:01]} c5 {[%emt 0:00:08]} 9. h3 {[%emt 0:01:01]} Nc6 {[%emt 0:00:10]} 10. a3 {[%emt 0:00:03]} Ba5 {[%emt 0:00:18]} 11. O-O {[%emt 0:00:11]} Bb7 {[%emt 0:01:16]} 12. Rc1 {[%emt 0:00:19]} Bxc3 {[%emt 0:00:59]} 13. Bxc3 {[%emt 0:00:03]} c4 {[%emt 0:00:02]} 14. Bc2 {[%emt 0:00:26]} b5 {[%emt 0:00:03]} 15. Ne5 {[%emt 0:00:43]} a5 {[%emt 0:00:09]} 16. f3 {[%emt 0:01:00]} Qb6 {[%emt 0:00:10]} 17. Nxc6 {[%emt 0:01:10]} Bxc6 {[%emt 0:00:06]} 18. Qd2 {[%emt 0:00:01]} Rfb8 {[%emt 0:01:12]} 19. b4 {[%emt 0:00:03]} cxb3 {[%emt 0:00:10]} 20. Bxb3 {[%emt 0:00:10]} b4 {[%emt 0:00:01]} 21. axb4 {[%emt 0:00:03]} axb4 {[%emt 0:00:00]} 22. Bb2 {[%emt 0:00:09]} Ba4 {[%emt 0:00:10]} 23. Qc2 {[%emt 0:01:02]} Bxb3 {[%emt 0:00:57]} 24. Qxb3 {[%emt 0:00:00]} h6 {[%emt 0:00:01]} 25. e4 {[%emt 0:00:19]} Re8 {[%emt 0:01:52]} 26. Rce1 {[%emt 0:01:00]} dxe4 {[%emt 0:02:34]} 27. fxe4 {[%emt 0:00:00]} Rad8 {[%emt 0:00:01]} 28. Qf3 {[%emt 0:01:35]} Re7 {[%emt 0:02:10]} 29. Kh1 {[%emt 0:00:48]} Rxd4 {[%emt 0:02:39]} 30. e5 {[%emt 0:00:55]} Nd5 {[%emt 0:00:31]} 31. Bxd4 {[%emt 0:00:06]} Qxd4 {[%emt 0:00:04]} 32. Rd1 {[%emt 0:00:02]} 1-0

[Event "FIDE Online Olympiad Div 2 Pool A 2020"]
[Site "Online"]
[Date "2020.08.15"]
[Round "4"]
[White "Sukandar, Irine Kharisma"]
[Black "Schulze, Lara"]
[Result "1-0"]
[WhiteElo "2492"]
[BlackElo "2074"]
[Annotator "broadcasts"]
[PlyCount "93"]
[EventDate "2020.08.14"]
[EventType "team-tourn"]
[TimeControl "900+5"]

1. e4 {[%emt 0:00:05]} c5 {[%emt 0:00:04]} 2. Nf3 {[%emt 0:00:03]} Nc6 {[%emt 0:00:03]} 3. Bb5 {[%emt 0:00:25]} d6 {[%emt 0:00:05]} 4. d4 {[%emt 0:00:04]} cxd4 {[%emt 0:00:24]} 5. Qxd4 {[%emt 0:00:06]} Bd7 {[%emt 0:00:02]} 6. Qd3 {[%emt 0:00:06]} Nf6 {[%emt 0:00:35]} 7. c4 {[%emt 0:00:14]} e6 {[%emt 0:00:59]} 8. Nc3 {[%emt 0:01:03]} Be7 {[%emt 0:00:10]} 9. O-O {[%emt 0:00:04]} O-O {[%emt 0:00:20]} 10. h3 {[%emt 0:00:28]} Rc8 {[%emt 0:00:20]} 11. Be3 {[%emt 0:00:39]} a6 {[%emt 0:00:48]} 12. Bxc6 {[%emt 0:00:05]} Bxc6 {[%emt 0:00:00]} 13. Nd4 {[%emt 0:00:09]} Qc7 {[%emt 0:02:09]} 14. Rac1 {[%emt 0:00:34]} Rfd8 {[%emt 0:00:02]} 15. Nd5 {[%emt 0:01:16]} Bxd5 {[%emt 0:01:04]} 16. cxd5 {[%emt 0:00:07]} Qd7 {[%emt 0:00:02]} 17. dxe6 {[%emt 0:01:18]} fxe6 {[%emt 0:00:02]} 18. Qb3 {[%emt 0:00:59]} d5 {[%emt 0:00:37]} 19. exd5 {[%emt 0:01:00]} exd5 {[%emt 0:00:12]} 20. Qb6 {[%emt 0:00:41]} Bd6 {[%emt 0:00:42]} 21. Bg5 {[%emt 0:00:58]} Rxc1 {[%emt 0:02:04]} 22. Rxc1 {[%emt 0:00:06]} Rf8 {[%emt 0:00:05]} 23. Qb3 {[%emt 0:00:37]} Bb8 {[%emt 0:01:07]} 24. Bxf6 {[%emt 0:01:12]} Rxf6 {[%emt 0:00:10]} 25. Rc5 {[%emt 0:00:24]} Rd6 {[%emt 0:00:54]} 26. Qc3 {[%emt 0:00:34]} Rf6 {[%emt 0:00:48]} 27. Qb3 {[%emt 0:00:28]} Rd6 {[%emt 0:00:02]} 28. Qc2 {[%emt 0:00:14]} Rf6 {[%emt 0:00:15]} 29. Rc8+ {[%emt 0:00:13]} Rf8 {[%emt 0:00:05]} 30. Rxf8+ {[%emt 0:00:03]} Kxf8 {[%emt 0:00:00]} 31. Qxh7 {[%emt 0:00:03]} Be5 {[%emt 0:00:49]} 32. Qh8+ {[%emt 0:00:53]} Ke7 {[%emt 0:00:02]} 33. Qh4+ {[%emt 0:00:23]} Bf6 {[%emt 0:00:09]} 34. Qf4 {[%emt 0:00:03]} Qc8 {[%emt 0:00:50]} 35. Nf5+ {[%emt 0:00:13]} Kf8 {[%emt 0:00:51]} 36. Qd6+ {[%emt 0:00:04]} Ke8 {[%emt 0:00:03]} 37. Qxd5 {[%emt 0:00:24]} Qc1+ {[%emt 0:00:06]} 38. Kh2 {[%emt 0:00:02]} Qf4+ {[%emt 0:00:04]} 39. Ng3 {[%emt 0:00:03]} Qxf2 {[%emt 0:00:18]} 40. Qxb7 {[%emt 0:00:42]} Bd4 {[%emt 0:00:19]} 41. Qe4+ {[%emt 0:00:13]} Kd8 {[%emt 0:00:10]} 42. Nf5 {[%emt 0:00:33]} Qg1+ {[%emt 0:00:20]} 43. Kg3 {[%emt 0:00:02]} Bf2+ {[%emt 0:00:06]} 44. Kf3 {[%emt 0:00:03]} Bb6 {[%emt 0:00:04]} 45. Qe7+ {[%emt 0:00:10]} Kc8 {[%emt 0:00:04]} 46. Nd6+ {[%emt 0:00:02]} Kb8 {[%emt 0:00:01]} 47. Qb7# {[%emt 0:00:02]} 1-0

[Event "FIDE Online Olympiad Div 2 Pool A 2020"]
[Site "Online"]
[Date "2020.08.15"]
[Round "4"]
[White "Muetsch, Annmarie"]
[Black "Fisabilillah, Ummi"]
[Result "1-0"]
[WhiteElo "2336"]
[BlackElo "1904"]
[Annotator "broadcasts"]
[PlyCount "73"]
[EventDate "2020.08.14"]
[EventType "team-tourn"]
[TimeControl "900+5"]

1. e4 {[%emt 0:00:01]} e6 {[%emt 0:00:05]} 2. d4 {[%emt 0:00:02]} d5 {[%emt 0:00:03]} 3. Nd2 {[%emt 0:00:02]} c5 {[%emt 0:00:07]} 4. exd5 {[%emt 0:00:02]} Qxd5 {[%emt 0:00:03]} 5. Ngf3 {[%emt 0:00:01]} cxd4 {[%emt 0:00:06]} 6. Bc4 {[%emt 0:00:03]} Qd6 {[%emt 0:00:12]} 7. O-O {[%emt 0:00:06]} Nf6 {[%emt 0:00:03]} 8. Nb3 {[%emt 0:00:05]} Nc6 {[%emt 0:00:14]} 9. Nbxd4 {[%emt 0:00:04]} Nxd4 {[%emt 0:00:07]} 10. Nxd4 {[%emt 0:00:01]} Bd7 {[%emt 0:00:34]} 11. c3 {[%emt 0:00:06]} a6 {[%emt 0:00:31]} 12. Qf3 {[%emt 0:02:32]} Qc7 {[%emt 0:00:28]} 13. Bb3 {[%emt 0:00:30]} Bd6 {[%emt 0:00:54]} 14. h3 {[%emt 0:00:14]} O-O {[%emt 0:00:39]} 15. Bg5 {[%emt 0:00:19]} Be5 {[%emt 0:01:11]} 16. Rad1 {[%emt 0:00:40]} h6 {[%emt 0:01:26]} 17. Bh4 {[%emt 0:01:34]} Rac8 {[%emt 0:02:22]} 18. Rfe1 {[%emt 0:00:27]} Rfe8 {[%emt 0:00:51]} 19. Qe2 {[%emt 0:02:05]} Bd6 {[%emt 0:03:17]} 20. Bxf6 {[%emt 0:01:25]} gxf6 {[%emt 0:00:02]} 21. Qh5 {[%emt 0:01:04]} Kg7 {[%emt 0:00:27]} 22. Nf5+ {[%emt 0:01:57]} exf5 {[%emt 0:00:41]} 23. Qxf7+ {[%emt 0:00:04]} Kh8 {[%emt 0:00:02]} 24. Qxf6+ {[%emt 0:00:04]} Kh7 {[%emt 0:00:02]} 25. Qf7+ {[%emt 0:00:58]} Kh8 {[%emt 0:00:02]} 26. Rxe8+ {[%emt 0:00:23]} Rxe8 {[%emt 0:00:10]} 27. Qf6+ {[%emt 0:00:04]} Kh7 {[%emt 0:00:01]} 28. Bf7 {[%emt 0:00:43]} Bh2+ {[%emt 0:01:21]} 29. Kh1 {[%emt 0:00:08]} Rg8 {[%emt 0:00:23]} 30. Bxg8+ {[%emt 0:00:20]} Kxg8 {[%emt 0:00:01]} 31. Qg6+ {[%emt 0:00:09]} Kf8 {[%emt 0:00:05]} 32. Qxh6+ {[%emt 0:00:02]} Kf7 {[%emt 0:00:08]} 33. Qh7+ {[%emt 0:00:04]} Ke8 {[%emt 0:00:03]} 34. Qxd7+ {[%emt 0:00:03]} Qxd7 {[%emt 0:00:02]} 35. Rxd7 {[%emt 0:00:02]} Kxd7 {[%emt 0:00:00]} 36. Kxh2 {[%emt 0:00:02]} Ke6 {[%emt 0:00:05]} 37. Kg3 {[%emt 0:00:02]} 1-0

[Event "FIDE Online Olympiad Div 2 Pool A 2020"]
[Site "Online"]
[Date "2020.08.15"]
[Round "4"]
[White "Osmanodja, Filiz"]
[Black "Sihite Chelsie, Monica Ignesias"]
[Result "0-1"]
[WhiteElo "2093"]
[BlackElo "1872"]
[Annotator "broadcasts"]
[PlyCount "132"]
[EventDate "2020.08.14"]
[EventType "team-tourn"]
[TimeControl "900+5"]

1. e4 {[%emt 0:00:02]} e5 {[%emt 0:00:02]} 2. Nf3 {[%emt 0:00:01]} Nc6 {[%emt 0:00:01]} 3. Bb5 {[%emt 0:00:02]} a6 {[%emt 0:00:02]} 4. Ba4 {[%emt 0:00:01]} Nf6 {[%emt 0:00:01]} 5. O-O {[%emt 0:00:04]} b5 {[%emt 0:00:03]} 6. Bb3 {[%emt 0:00:02]} Be7 {[%emt 0:00:01]} 7. Re1 {[%emt 0:00:17]} O-O {[%emt 0:00:01]} 8. h3 {[%emt 0:00:03]} d6 {[%emt 0:01:37]} 9. c3 {[%emt 0:00:03]} Na5 {[%emt 0:00:19]} 10. Bc2 {[%emt 0:00:04]} c5 {[%emt 0:00:01]} 11. d4 {[%emt 0:00:02]} Qc7 {[%emt 0:00:15]} 12. Nbd2 {[%emt 0:00:05]} Bd7 {[%emt 0:00:29]} 13. d5 {[%emt 0:00:27]} c4 {[%emt 0:00:34]} 14. Nf1 {[%emt 0:00:15]} Nb7 {[%emt 0:00:01]} 15. Ng3 {[%emt 0:01:17]} a5 {[%emt 0:00:09]} 16. Nh2 {[%emt 0:00:29]} Nc5 {[%emt 0:00:57]} 17. f4 {[%emt 0:00:10]} b4 {[%emt 0:00:51]} 18. fxe5 {[%emt 0:04:04]} dxe5 {[%emt 0:00:06]} 19. Rf1 {[%emt 0:00:19]} b3 {[%emt 0:00:18]} 20. axb3 {[%emt 0:00:13]} cxb3 {[%emt 0:00:02]} 21. Bb1 {[%emt 0:00:09]} a4 {[%emt 0:00:24]} 22. Bg5 {[%emt 0:00:54]} Ra6 {[%emt 0:00:40]} 23. Nf3 {[%emt 0:01:36]} h6 {[%emt 0:01:25]} 24. Be3 {[%emt 0:00:40]} Bb5 {[%emt 0:00:33]} 25. Rf2 {[%emt 0:00:29]} Ncd7 {[%emt 0:00:11]} 26. Nf5 {[%emt 0:00:21]} Bc5 {[%emt 0:00:05]} 27. Qd2 {[%emt 0:02:04]} Bxe3 {[%emt 0:00:36]} 28. Qxe3 {[%emt 0:00:02]} Qb6 {[%emt 0:00:22]} 29. Qd2 {[%emt 0:00:08]} Nc5 {[%emt 0:00:42]} 30. Ng3 {[%emt 0:00:58]} Rfa8 {[%emt 0:00:47]} 31. Nxe5 {[%emt 0:00:06]} a3 {[%emt 0:00:31]} 32. Rxa3 {[%emt 0:00:13]} Rxa3 {[%emt 0:00:02]} 33. bxa3 {[%emt 0:00:00]} Rxa3 {[%emt 0:00:03]} 34. Kh2 {[%emt 0:01:28]} Ra1 {[%emt 0:00:44]} 35. Qb2 {[%emt 0:00:02]} Na4 {[%emt 0:00:13]} 36. Qxa1 {[%emt 0:00:31]} Qxf2 {[%emt 0:00:07]} 37. c4 {[%emt 0:00:00]} Be8 {[%emt 0:00:14]} 38. d6 {[%emt 0:00:03]} Nc5 {[%emt 0:00:34]} 39. Qa8 {[%emt 0:00:12]} Kh7 {[%emt 0:00:27]} 40. Ng4 {[%emt 0:00:07]} Nxg4+ {[%emt 0:00:08]} 41. hxg4 {[%emt 0:00:00]} Bd7 {[%emt 0:00:23]} 42. e5+ {[%emt 0:00:01]} g6 {[%emt 0:00:01]} 43. Qd5 {[%emt 0:00:12]} Bxg4 {[%emt 0:00:22]} 44. Nh1 {[%emt 0:00:14]} Qh4+ {[%emt 0:00:04]} 45. Kg1 {[%emt 0:00:01]} Qe1+ {[%emt 0:00:10]} 46. Kh2 {[%emt 0:00:01]} Be6 {[%emt 0:00:27]} 47. Qxc5 {[%emt 0:00:01]} Qxb1 {[%emt 0:00:01]} 48. Qf2 {[%emt 0:00:11]} Qe4 {[%emt 0:00:58]} 49. d7 {[%emt 0:00:10]} Qxe5+ {[%emt 0:00:02]} 50. Ng3 {[%emt 0:00:01]} Bxd7 {[%emt 0:00:01]} 51. Qxf7+ {[%emt 0:00:01]} Qg7 {[%emt 0:00:01]} 52. Qf1 {[%emt 0:00:16]} b2 {[%emt 0:00:01]} 53. Ne4 {[%emt 0:00:03]} Bf5 {[%emt 0:00:02]} 54. Nd2 {[%emt 0:00:05]} Qd4 {[%emt 0:00:08]} 55. Qe1 {[%emt 0:00:06]} Qf4+ {[%emt 0:00:28]} 56. Kh1 {[%emt 0:00:02]} Qd6 {[%emt 0:00:06]} 57. Nb1 {[%emt 0:00:08]} h5 {[%emt 0:00:05]} 58. Nc3 {[%emt 0:00:05]} Qb4 {[%emt 0:00:13]} 59. Qd1 {[%emt 0:00:09]} b1=Q {[%emt 0:00:04]} 60. Nxb1 {[%emt 0:00:02]} Qxb1 {[%emt 0:00:01]} 61. Qxb1 {[%emt 0:00:02]} Bxb1 {[%emt 0:00:00]} 62. Kg1 {[%emt 0:00:07]} Be4 {[%emt 0:00:04]} 63. Kf2 {[%emt 0:00:02]} Kh6 {[%emt 0:00:03]} 64. g3 {[%emt 0:00:01]} Kg5 {[%emt 0:00:01]} 65. Ke3 {[%emt 0:00:01]} Bc6 {[%emt 0:00:00]} 66. Kf2 {[%emt 0:00:01]} Kg4 {[%emt 0:00:01]} 0-1